[Event "Galapagar op 10th"]
[Site "Galapagar"]
[Date "2009.07.22"]
[Round "5"]
[White "Collado Barbas, Alberto"]
[Black "Quesada Ordinas, Jaime"]
[Result "1-0"]
[WhiteElo "1986"]
[BlackElo "1687"]
[PlyCount "51"]
[EventDate "2009.07.18"]
[EventType "swiss"]
[EventRounds "9"]
[EventCountry "ESP"]
[SourceTitle "EXT 2010"]
[Source "ChessBase"]
[SourceDate "2010.11.25"]
[SourceVersion "1"]
[SourceVersionDate "2010.11.25"]
[SourceQuality "1"]

1. d4 f5 2. c4 Nf6 3. Nc3 g6 4. g3 Bg7 5. Bg2 0-0 6. Nh3 d6 7. Bg5 c6 8. 0-0 Qc7 9. Qd2 e5 10. d5 Nbd7 11. dxc6 bxc6 12. Nb5 cxb5 13. Bxa8 bxc4 14. Rfd1 Ba6 15. Bg2 Ne8 16. Be7 Rf7 17. Bd5 Ndf6 18. Bxf7+ Kxf7 19. Bxd6 Qxd6 20. Qxd6 Nxd6 21. Rxd6 Bb7 22. Rc1 Ke7 23. Rcd1 Bh6 24. f4 e4 25. Ng5 Bg7 26. Re6+ 1-0